| 000 | 01253nam a2200325Ia 4500 | ||
|---|---|---|---|
| 001 | ebr10035692 | ||
| 003 | CaPaEBR | ||
| 006 | m u | ||
| 007 | cr cn||||||||| | ||
| 008 | 020313s2002 enka sb 001 0 eng d | ||
| 010 | _z 2002021880 | ||
| 020 | _z9781846423420 | ||
| 020 | _z1843100630 (alk. paper) | ||
| 040 |
_aCaPaEBR _cCaPaEBR |
||
| 035 | _a(OCoLC)54829716 | ||
| 050 | 1 | 4 |
_aRJ505.P6 _bS76 2002eb |
| 082 | 0 | 4 |
_a618.92/891653 _221 |
| 245 | 0 | 4 |
_aThe story so far _h[electronic resource] : _bplay therapy narratives / _cedited by Ann Cattanach. |
| 260 |
_aLondon ; _aPhiladelphia : _bJessica Kingsley Pub., _c2002. |
||
| 300 |
_a238 p. : _bill. |
||
| 504 | _aIncludes bibliographical references and index. | ||
| 533 |
_aElectronic reproduction. _bPalo Alto, Calif. : _cebrary, _d2013. _nAvailable via World Wide Web. _nAccess may be limited to ebrary affiliated libraries. |
||
| 650 | 0 | _aMental health counseling. | |
| 650 | 0 | _aNarrative therapy. | |
| 650 | 0 |
_aPlay therapy _vCase studies. |
|
| 650 | 0 |
_aPlay _xPsychological aspects. |
|
| 700 | 1 | _aCattanach, Ann. | |
| 710 | 2 | _aebrary, Inc. | |
| 856 | 4 | 0 |
_uhttp://site.ebrary.com/lib/rucke/Doc?id=10035692 _zAn electronic book accessible through the World Wide Web; click to view |
| 999 |
_c165710 _d165710 |
||